000 01275nam a2200337 a 4500
001 ebr10479652
003 CaPaEBR
006 m u
007 cr cn|||||||||
008 051122s2005 enka sb 001 0 eng d
010 _z 2005541290
020 _z0745319939
020 _z0745319920 (pbk.)
020 _z9780745319933
020 _z9781849644921 (e-book)
040 _aCaPaEBR
_cCaPaEBR
035 _a(OCoLC)647810586
050 1 4 _aPN1995.9.P6
_bU53 2005eb
082 0 4 _a791.43/658
_222
245 0 0 _aUnderstanding film
_h[electronic resource] :
_bMarxist perspectives /
_cedited by Mike Wayne.
260 _aLondon ;
_aAnn Arbor, Mich. :
_bPluto Press,
_c2005.
300 _a253 p. :
_bill.
504 _aIncludes bibliographical references and index.
533 _aElectronic reproduction.
_bPalo Alto, Calif. :
_cebrary,
_d2013.
_nAvailable via World Wide Web.
_nAccess may be limited to ebrary affiliated libraries.
650 0 _aMotion pictures
_xPolitical aspects.
650 0 _aSocialism and motion pictures.
655 7 _aElectronic books.
_2local
700 1 _aWayne, Mike.
710 2 _aebrary, Inc.
856 4 0 _uhttp://site.ebrary.com/lib/rucke/Doc?id=10479652
_zAn electronic book accessible through the World Wide Web; click to view
999 _c117581
_d117581